| 000 | 00571nam a2200181 a 4500 | ||
|---|---|---|---|
| 005 | 20210223120830.0 | ||
| 008 | 991125s1955 mx 000 0 spa u | ||
| 035 | _aUPN01000008081 | ||
| 049 | _aCG | ||
| 050 | 4 |
_aH53 I8 _bS2.4 |
|
| 100 | 1 |
_aSalvadori, Mássimo _929927 |
|
| 245 | 1 | 4 |
_aLas ciencias sociales del siglo XX en Italia / _cpor Massimo Salvadori. |
| 260 |
_aMéxico : _bUNAM, Instituto de Investigaciones Sociales, _c1955. |
||
| 300 | _a79 p. | ||
| 440 | 0 | _aCuadernos de psicología | |
| 650 | 4 |
_aCIENCIAS SOCIALES - _xHISTORIA - _zITALIA _910468 |
|
| 905 | _aLibro | ||
| 999 |
_c8081 _d8081 |
||